01302cam a22003375i 4500020003000000020002700030040001000057082002600067100002300093245005800116300002800174490003400202520044600236650001400682650001200696650002100708650001900729650001000748650002100758650002100779650001200800650002100812650001400833650001900847650001000866650003000876650001100906650002100917650001300938650001300951 a9781474275385 (hardcover) a1474275389 (hardcover) cBTCTA04a305 OXF 1995 C153 Or.1 aNeimanis, Astrida,10aBodies of water :bposthuman feminist phenomenology / axi, 230 pages ;c24 cm.0 aEnvironmental cultures series8 aWater is the element that, more than any other, ties human beings in to the world around them - from the oceans that surround us to the water that makes up most of our bodies. Exploring the cultural and philosophical implications of this fact, this book develops an innovative new mode of posthuman feminist phenomenology that understands our bodies as being fundamentally part of the natural world and not separate from or privileged to it. 0aOntology. 0aEthics. 0aFeminist theory. 0aPhenomenology. 0aWater 0aBodies of water. 7aBodies of water. 7aEthics. 7aFeminist theory. 7aOntology. 7aPhenomenology. 7aWater 7aFeministische Philosophie 7aWasser 7aPhänomenologie 7aKörper 7aSociety.